Gavilla de fábulas sin amor /

Uloženo v:
Podrobná bibliografie
Hlavní autor: Cela, Camilo José (autor)
Další autoři: Picasso, Pablo (ilustración) (ilustración)
Médium: Kniha
Jazyk:španělština
Vydáno: Barcelona, España : Bruguera, 1979, c1979
Edice:(Libro Amigo ; 636)
Témata:
Tagy: Přidat tag
Žádné tagy, Buďte první, kdo vytvoří štítek k tomuto záznamu!

MARC

LEADER 00000nam^a2200000^a^4500
001 000321232
005 20250521000000.0
009 20260310113537.071
020 |a 84-02-06147-8 
025 |a Donación Alvaro Gómez Saborío, 1 ejemplar 
037 |a Acervo ITESO - Biblioteca 
041 |a ESP 
082 |a 863.  |b CEL 
100 |a Cela, Camilo José  |e (autor) 
245 1 0 |a Gavilla de fábulas sin amor /  |c C.J. Cela ; il. de P. Picasso. 
264 4 |a Barcelona, España :  |b Bruguera,  |c 1979, c1979 
300 |a 216 p. 
336 |a texto  |b txt  |2 rdacontenido 
337 |a sin mediación  |b n  |2 rdamedio 
338 |a volumen  |b nc  |2 rdasoporte 
440 1 |a (Libro Amigo ;  |v 636) 
545 0 |a Camilo José Cela (1916-2002), considerado uno de los mayores escritores de la literatura española del siglo XX. Nacido en Iria Flavia, provincia de La Coruña, España, cursó estudios de Derecho y Filosofía y Letras; en 1956 fundó la revista Papeles de Son Armadans, que dirigió hasta 1979. Desde 1957 hasta su muerte fue miembro de la Real Academia de la Lengua y de 1977 a 1979, senador en las Cortes Constituyentes. En 1987 recibió el Premio Príncipe de Asturias de las Letras, en 1989 el Nobel de Literatura y en 1995 el Cervantes. Entre su prolífica producción literaria se encuentran los libros de poesía: Pisando la dudosa luz del día (1936); Cancionero de la Alcarria (1948); las novelas: La familia de Pascual Duarte (1942); Pabellón de reposo (1943); La colmena (1951); Mrs. Caldwell habla con su hijo (1953); Mazurca para dos muertos (1983); Madera de boj (1999); los libros de cuentos: Esas nubes que pasan (1945); El gallego y su cuadrilla (1951); las obras teatrales: María Sabina (1967); los libros de viajes Viaje a la Alcarria (1948); Galicia (1990); y otros escritos sobre ensayos, memorias y periodismo. Su obra, de marcada orientación derechista, no se encasilló en ninguna tendencia literaria o estética de su época; por el contrario, siempre buscó innovar tanto la forma como el lenguaje literario, para describir las pasiones humanas. 
586 |a Premio Nobel de Literatura 1989 
586 |a Premio Príncipe de Asturias de las Letras 1987 
586 |a Premio Miguel de Cervantes 1995 
649 |a XX 
650 |a Fábulas Españolas 
650 |a Literatura Española -  |y Siglo XX 
700 |a Picasso, Pablo  |e (ilustración) 
910 |a Fondo General 
920 |a Impresos - Libros 
930 |a Colección General 
940 |a Literatura 
905 |a 101 
901 |a 0500208379  |b IT1  |c LIT  |i D  |u 20250521 
902 |a https://opac.biblio.iteso.mx/vufind/Record/000321232